| 000 | 00372nam a2200145Ia 4500 | ||
|---|---|---|---|
| 008 | 230917s9999||||xx |||||||||||||| ||und|| | ||
| 040 |
_e40588 _aMAIN |
||
| 041 | _aEnglish | ||
| 082 | _a823.7 M541S:G | ||
| 100 | _aShaheen, Mohammad | ||
| 245 | 0 | _aGeorge meredith: a reappraisal of the novels | |
| 260 |
_aLondon _bMacmillan _c1981 |
||
| 300 | _ax, 150 p. | ||
| 942 | _cBK | ||
| 999 |
_c223581 _d223581 |
||